[Event "EU-ch Seniors 65 22nd"]
[Site "Acqui Terme"]
[Date "2023.05.30"]
[Round "5"]
[White "Pritchett, Craig William"]
[Black "Barlocco, Carlo"]
[Result "1/2-1/2"]
[WhiteElo "2232"]
[BlackElo "1893"]
[PlyCount "85"]
[EventDate "2023.05.26"]
[EventType "swiss"]
[EventRounds "9"]
[EventCountry "ITA"]
[SourceTitle "CBM 214 Extra"]
[Source "ChessBase"]
[SourceDate "2023.07.31"]
[SourceVersion "1"]
[SourceVersionDate "2023.07.31"]
[SourceQuality "1"]

1. Nf3 Nf6 2. c4 e6 3. g3 b6 4. Bg2 Bb7 5. 0-0 Be7 6. Nc3 0-0 7. Re1 d5 8. cxd5 exd5 9. d4 c5 10. b3 Nc6 11. Bb2 Re8 12. e3 Rc8 13. Rc1 cxd4 14. Nxd4 Qd7 15. a3 Bf8 16. Nxc6 Bxc6 17. Ne2 Ne4 18. Nd4 Bb7 19. Re2 Rxc1 20. Qxc1 Nc5 21. Rd2 Rc8 22. Qd1 Ne4 23. Rc2 Be7 24. Rxc8+ Qxc8 25. Qc2 Bf6 26. Qxc8+ Bxc8 27. Bf3 Kf8 28. Bd1 Bd7 29. f3 Nc5 30. Bc2 Ke7 31. Kf2 g6 32. a4 Be5 33. Nc6+ Bxc6 34. Bxe5 Kd7 35. Bc3 a5 36. Bd4 Bb7 37. Ke2 Kd6 38. Kd2 Ba6 39. h4 Kc6 40. Bc3 Bf1 41. b4 axb4 42. Bxb4 Bc4 43. Bc3 1/2-1/2

[Event "Robecchetto op 33rd"]
[Site "Robecchetto"]
[Date "2021.12.27"]
[Round "3"]
[White "Barlocco, Carlo"]
[Black "Quaranta, Cristiano"]
[Result "0-1"]
[WhiteElo "1972"]
[BlackElo "2062"]
[PlyCount "50"]
[EventDate "2021.12.26"]
[EventType "swiss"]
[EventRounds "7"]
[EventCountry "ITA"]
[SourceTitle "EXT 2023"]
[Source "ChessBase"]
[SourceDate "2022.10.05"]
[SourceVersion "1"]
[SourceVersionDate "2022.10.05"]
[SourceQuality "1"]

1. Nf3 Nf6 2. e3 g6 3. b3 Bg7 4. Bb2 0-0 5. Be2 c5 6. 0-0 Nc6 7. c4 d5 8. cxd5 Qxd5 9. d4 Rd8 10. Nc3 Qf5 11. Bb5 Qh5 12. Bxc6 bxc6 13. Ne5 Ng4 14. h3 Bxe5 15. f4 cxd4 16. fxe5 Nxe3 17. Qxh5 gxh5 18. Ne2 Nxf1 19. Kxf1 Ba6 20. Kf2 Bxe2 21. Kxe2 Rd5 22. Kd3 Rxe5 23. Kxd4 Re2 24. Ba3 Rd8+ 25. Kc3 Rdd2 0-1

[Event "Lignano Sabbiadoro op 6th"]
[Site "Lignano Sabbiadoro"]
[Date "2020.08.08"]
[Round "9"]
[White "Barlocco, Carlo"]
[Black "Gelle, Istvan"]
[Result "0-1"]
[WhiteElo "2005"]
[BlackElo "2301"]
[PlyCount "126"]
[EventDate "2020.08.01"]
[EventType "swiss"]
[EventRounds "9"]
[EventCountry "ITA"]
[SourceTitle "EXT 2021"]
[Source "ChessBase"]
[SourceDate "2020.10.23"]
[SourceVersion "1"]
[SourceVersionDate "2020.10.23"]
[SourceQuality "1"]

1. c4 c6 2. d4 d5 3. Nf3 Nf6 4. Qb3 dxc4 5. Qxc4 Bf5 6. g3 e6 7. Bg2 Be7 8. 0-0 0-0 9. Nc3 Nbd7 10. Bg5 h6 11. Bxf6 Nxf6 12. Ne5 Bh7 13. Qb3 Qb6 14. Qxb6 axb6 15. Rfd1 b5 16. a3 Bc2 17. Rdc1 Bb3 18. Ne4 Rfd8 19. e3 Nxe4 20. Bxe4 f6 21. Nd3 Bc4 22. Ne1 Kf7 23. Nf3 g5 24. Nd2 Bd5 25. Bxd5 exd5 26. Nb3 Ra4 27. Kf1 b4 28. axb4 Rxb4 29. Rc3 Rb8 30. Ra2 Rb5 31. Nc1 Ke6 32. Ke2 Bd6 33. Rb3 Rxb3 34. Nxb3 b6 35. Ra6 h5 36. Nc1 c5 37. Na2 c4 38. Nc3 f5 39. Ra7 b5 40. Rh7 Bf8 41. Rxh5 b4 42. Nd1 g4 43. h3 Ra8 44. Kd2 b3 45. Nc3 Ra1 46. Rh8 Bb4 47. Rh6+ Kd7 48. Rb6 Ba5 49. Rb5 Bxc3+ 50. Kxc3 Kc6 51. Rc5+ Kd6 52. f3 Rf1 53. Ra5 Rxf3 54. Ra6+ Ke7 55. Kb4 Rxg3 56. Kc5 Rxe3 57. Kxd5 f4 58. Kxc4 f3 59. Ra1 f2 60. Rf1 Rf3 61. Kd5 Rf6 62. Ke5 Re6+ 63. Kf4 Re2 0-1

[Event "Lignano Sabbiadoro op 6th"]
[Site "Lignano Sabbiadoro"]
[Date "2020.08.05"]
[Round "6"]
[White "Barlocco, Carlo"]
[Black "Damia, Angelo"]
[Result "0-1"]
[WhiteElo "2005"]
[BlackElo "2289"]
[PlyCount "38"]
[EventDate "2020.08.01"]
[EventType "swiss"]
[EventRounds "9"]
[EventCountry "ITA"]
[SourceTitle "EXT 2021"]
[Source "ChessBase"]
[SourceDate "2020.10.23"]
[SourceVersion "1"]
[SourceVersionDate "2020.10.23"]
[SourceQuality "1"]

1. Nf3 Nf6 2. e3 d5 3. b3 Nc6 4. Bb2 a6 5. c4 Bf5 6. Be2 Nb4 7. Na3 Nd3+ 8. Bxd3 Bxd3 9. Ne5 Bf5 10. 0-0 e6 11. Nc2 Bd6 12. cxd5 exd5 13. d4 h5 14. Nd3 Bxh2+ 15. Kh1 Bd6 16. Ba3 Bxa3 17. Nxa3 Ng4 18. Nf4 g5 19. Nd3 Qd6 0-1

[Event "Robecchetto op 32nd"]
[Site "Robecchetto"]
[Date "2019.12.29"]
[Round "6"]
[White "Barlocco, Carlo"]
[Black "Bolognese, Leonardo"]
[Result "0-1"]
[WhiteElo "1994"]
[BlackElo "2048"]
[PlyCount "76"]
[EventDate "2019.12.26"]
[EventType "swiss"]
[EventRounds "6"]
[EventCountry "ITA"]
[SourceTitle "CBM 194 Extra"]
[Source "ChessBase"]
[SourceDate "2020.03.31"]
[SourceVersion "1"]
[SourceVersionDate "2020.03.31"]
[SourceQuality "1"]

1. b3 d5 2. Bb2 c5 3. e3 Nf6 4. Nf3 e6 5. Be2 Be7 6. 0-0 0-0 7. c4 Nc6 8. d4 cxd4 9. exd4 b6 10. Nc3 Bb7 11. cxd5 Nxd5 12. Rc1 Ncb4 13. Qd2 Nxc3 14. Bxc3 Bxf3 15. Bxf3 Nd5 16. Be4 Rc8 17. Bb2 Qd7 18. Rxc8 Rxc8 19. Rc1 Rd8 20. f4 Bb4 21. Qf2 Nf6 22. Bf3 Qd6 23. g3 h6 24. Qc2 Ba3 25. Bxa3 Qxa3 26. Qd2 Qd6 27. Rd1 Nd5 28. Kf2 Ne7 29. Be4 g6 30. h4 Nd5 31. Bxd5 Qxd5 32. Qc2 Qh5 33. Qe2 Qf5 34. Kg2 Rc8 35. Rd2 Rc1 36. Rd1 Qc2 37. Rd2 Qb1 38. Qf2 Qe4+ 0-1

[Event "Lignano Sabbiadoro op 3rd"]
[Site "Lignano Sabbiadoro"]
[Date "2017.08.05"]
[Round "8"]
[White "Valenti, Giuseppe"]
[Black "Barlocco, Carlo"]
[Result "1-0"]
[WhiteElo "2165"]
[BlackElo "2064"]
[PlyCount "115"]
[EventDate "2017.07.30"]
[EventType "swiss"]
[EventRounds "9"]
[EventCountry "ITA"]
[SourceTitle "CBM 179 Extra"]
[Source "ChessBase"]
[SourceDate "2017.08.23"]
[SourceVersion "1"]
[SourceVersionDate "2017.08.23"]
[SourceQuality "1"]

1. e4 c5 2. Nf3 Nc6 3. Bb5 e5 4. Bxc6 dxc6 5. 0-0 Bd6 6. d3 Ne7 7. Nbd2 0-0 8. Nc4 Ng6 9. Be3 Re8 10. a4 Nf8 11. h3 Qc7 12. Qd2 Ne6 13. c3 b6 14. a5 Ba6 15. axb6 axb6 16. Rfd1 f6 17. Qc2 Kf7 18. Qb3 b5 19. Nxd6+ Qxd6 20. d4 exd4 21. cxd4 c4 22. Qc2 Nf8 23. d5 Bb7 24. Rxa8 Bxa8 25. dxc6 Qxc6 26. Nd4 Qxe4 27. Qxe4 Bxe4 28. Nxb5 Kg6 29. Nd6 Rd8 30. Rd2 Bc6 31. Nxc4 Rxd2 32. Nxd2 Kf5 33. f3 h5 34. g4+ hxg4 35. hxg4+ Ke6 36. Kf2 Nd7 37. Bd4 g6 38. Ke3 Bd5 39. b4 Ne5 40. Bxe5 Kxe5 41. f4+ Ke6 42. Ne4 f5 43. Nc5+ Kd6 44. g5 Bc4 45. Kd4 Bf1 46. Na4 Be2 47. Nc3 Bf1 48. Nb1 Be2 49. Nd2 Kc6 50. Nc4 Kb5 51. Ne5 Bh5 52. Kc3 Kb6 53. Kc4 Be2+ 54. Kd5 Bh5 55. Ke6 Kb5 56. Kf6 Kxb4 57. Nxg6 Kc5 58. Kxf5 1-0

[Event "Lignano Sabbiadoro op 3rd"]
[Site "Lignano Sabbiadoro"]
[Date "2017.07.30"]
[Round "1"]
[White "Barlocco, Carlo"]
[Black "Ventura Bolet, Maxim"]
[Result "1/2-1/2"]
[WhiteElo "2064"]
[BlackElo "2262"]
[PlyCount "80"]
[EventDate "2017.07.30"]
[EventType "swiss"]
[EventRounds "9"]
[EventCountry "ITA"]
[SourceTitle "CBM 179 Extra"]
[Source "ChessBase"]
[SourceDate "2017.08.23"]
[SourceVersion "1"]
[SourceVersionDate "2017.08.23"]
[SourceQuality "1"]

1. c4 c5 2. Nf3 Nc6 3. g3 g6 4. Bg2 Bg7 5. Nc3 d6 6. 0-0 e5 7. d3 Nge7 8. a3 0-0 9. Rb1 a5 10. Ne1 Be6 11. Nc2 d5 12. cxd5 Nxd5 13. Ne3 Nde7 14. Ne4 b6 15. b3 Rb8 16. Bd2 h6 17. Bc3 f5 18. Nd2 f4 19. Nc2 Nd5 20. Ne4 Rc8 21. Qd2 Nd4 22. Bxd4 exd4 23. a4 Qd7 24. Na3 Bh3 25. Nc4 Bxg2 26. Kxg2 g5 27. h3 Rc6 28. Rh1 Re6 29. g4 Nc3 30. f3 Nxb1 31. Rxb1 Bf6 32. Rh1 Be7 33. Qc2 Rf7 34. Ncd2 Rh7 35. Qc4 Kg7 36. Kf1 h5 37. gxh5 Rxh5 38. Nf2 Reh6 39. Nde4 Qe6 40. Rg1 Qxc4 1/2-1/2

[Event "Arco op 38th"]
[Site "Arco"]
[Date "2016.10.15"]
[Round "8"]
[White "Bozzao, Francesco"]
[Black "Barlocco, Carlo"]
[Result "0-1"]
[WhiteElo "1881"]
[BlackElo "2061"]
[PlyCount "110"]
[EventDate "2016.10.08"]
[EventType "swiss"]
[EventRounds "9"]
[EventCountry "ITA"]
[SourceTitle "EXT 2017"]
[Source "ChessBase"]
[SourceDate "2016.10.25"]
[SourceVersion "1"]
[SourceVersionDate "2016.10.25"]
[SourceQuality "1"]

1. d4 Nf6 2. c4 Nc6 3. Nf3 e6 4. Nc3 Bb4 5. Qc2 0-0 6. e3 d6 7. Bd3 e5 8. 0-0 Re8 9. Ne4 exd4 10. Nxf6+ Qxf6 11. exd4 Nxd4 12. Nxd4 Qxd4 13. Bxh7+ Kh8 14. Be3 Qh4 15. Bd3 Ba5 16. g3 Qh3 17. Be4 Bb6 18. Bg2 Qh5 19. Bxb6 axb6 20. a3 Ra5 21. Bd5 Bf5 22. Qd1 Bg4 23. f3 Be6 24. Re1 Bd7 25. Rxe8+ Bxe8 26. Qe2 Bc6 27. b4 Ra8 28. Bxc6 bxc6 29. Kg2 f6 30. Ra2 Qe5 31. Qxe5 fxe5 32. Kf2 Kg8 33. Ke3 Kf7 34. h4 Ke6 35. a4 d5 36. cxd5+ cxd5 37. g4 c5 38. bxc5 bxc5 39. Kd3 c4+ 40. Kc3 Rc8 41. a5 d4+ 42. Kc2 e4 43. fxe4 Ke5 44. a6 Kxe4 45. a7 Ra8 46. Ra4 Ke3 47. Rxc4 Rxa7 48. h5 Ra2+ 49. Kd1 Kd3 50. Rc7 Ra1+ 51. Rc1 Rxc1+ 52. Kxc1 Ke2 53. g5 d3 54. h6 d2+ 55. Kb1 gxh6 0-1

[Event "Arco op 38th"]
[Site "Arco"]
[Date "2016.10.11"]
[Round "4"]
[White "Micheli, Carlo"]
[Black "Barlocco, Carlo"]
[Result "1-0"]
[WhiteElo "2242"]
[BlackElo "2061"]
[PlyCount "109"]
[EventDate "2016.10.08"]
[EventType "swiss"]
[EventRounds "9"]
[EventCountry "ITA"]
[SourceTitle "EXT 2017"]
[Source "ChessBase"]
[SourceDate "2016.10.25"]
[SourceVersion "1"]
[SourceVersionDate "2016.10.25"]
[SourceQuality "1"]

1. e4 c5 2. Nf3 Nc6 3. d4 cxd4 4. Nxd4 Nf6 5. Nc3 d6 6. Bg5 e6 7. Qd2 Be7 8. f3 0-0 9. 0-0-0 d5 10. Qe1 Bd7 11. Nb3 dxe4 12. Bxf6 gxf6 13. Nxe4 Qc7 14. Kb1 Nb4 15. Nxf6+ Bxf6 16. Qxb4 a5 17. Qc5 Bc6 18. Bd3 Bg7 19. Nd4 Rfd8 20. Nb5 Qf4 21. c4 Qf6 22. Nc3 Rdc8 23. Qh5 h6 24. Rd2 a4 25. a3 b6 26. Rhd1 Be8 27. Ne4 Qe7 28. Nd6 Rc5 29. Qh3 Bc6 30. Qg3 Kf8 31. Be4 Bxe4+ 32. Nxe4 Rc7 33. Qf2 f5 34. Nd6 Rc6 35. Qe2 Rd8 36. Nb5 Rxd2 37. Rxd2 Qc5 38. Rd7 Qg1+ 39. Ka2 Qxh2 40. Qd2 Qe5 41. Rxg7 Rxc4 42. Rc7 Rxc7 43. Qd8+ Kf7 44. Nxc7 Qe2 45. Qd7+ Kf6 46. Qd4+ e5 47. Qd8+ Kg6 48. Qg8+ Kh5 49. Ne8 b5 50. Nd6 Qd3 51. g4+ Kh4 52. gxf5 Qb3+ 53. Qxb3 axb3+ 54. Kxb3 Kg5 55. Kc3 1-0

[Event "Arco op 37th"]
[Site "Arco"]
[Date "2015.10.16"]
[Round "7"]
[White "Barlocco, Carlo"]
[Black "De Santis, Alessio"]
[Result "0-1"]
[WhiteElo "2041"]
[BlackElo "2303"]
[PlyCount "73"]
[EventDate "2015.10.10"]
[EventType "swiss"]
[EventRounds "9"]
[EventCountry "ITA"]
[SourceTitle "CBM 168 Extra"]
[Source "ChessBase"]
[SourceDate "2015.10.29"]
[SourceVersion "1"]
[SourceVersionDate "2015.10.29"]
[SourceQuality "1"]

1. c4 b6 2. Nf3 Bb7 3. g3 Bxf3 4. exf3 c5 5. d4 cxd4 6. Qxd4 Nc6 7. Qd1 g6 8. Bd2 Bg7 9. Bc3 Nf6 10. Bg2 0-0 11. f4 Rc8 12. 0-0 Qc7 13. Nd2 Rfd8 14. Rc1 e6 15. Qa4 a5 16. Rfd1 Ne7 17. Qa3 d5 18. Be5 Qa7 19. cxd5 Nexd5 20. Nc4 Bf8 21. Qf3 Bc5 22. Bxf6 Nxf6 23. Rxd8+ Rxd8 24. Ne5 Rd2 25. Nd3 Bd4 26. Rd1 Rc2 27. h3 b5 28. a3 a4 29. Bf1 Nd5 30. Be2 Bxb2 31. Nxb2 Rxb2 32. h4 Rb3 33. Rd3 Rxd3 34. Qxd3 b4 35. axb4 a3 36. Qb1 Nc3 37. Qb2 0-1

[Event "Arco op 37th"]
[Site "Arco"]
[Date "2015.10.11"]
[Round "2"]
[White "Barlocco, Carlo"]
[Black "Dittmar, Peter"]
[Result "1/2-1/2"]
[WhiteElo "2041"]
[BlackElo "2286"]
[PlyCount "54"]
[EventDate "2015.10.10"]
[EventType "swiss"]
[EventRounds "9"]
[EventCountry "ITA"]
[SourceTitle "CBM 168 Extra"]
[Source "ChessBase"]
[SourceDate "2015.10.29"]
[SourceVersion "1"]
[SourceVersionDate "2015.10.29"]
[SourceQuality "1"]

1. c4 e6 2. Nc3 d5 3. d4 Nf6 4. Nf3 c5 5. e3 Nc6 6. cxd5 Nxd5 7. Be2 Be7 8. 0-0 0-0 9. Nxd5 Qxd5 10. dxc5 Qxc5 11. Bd2 Bf6 12. Qb3 Qb6 13. Bc3 Bxc3 14. Qxb6 axb6 15. bxc3 Ra3 16. c4 Nb4 17. Rab1 Nxa2 18. Rxb6 Nc3 19. Re1 Rd8 20. Bf1 f6 21. Nd4 e5 22. Nb5 Rb3 23. c5 Rb1 24. Rxb1 Nxb1 25. Nd6 Nc3 26. f3 Na4 27. Nxb7 Bxb7 1/2-1/2

[Event "Arco op 37th"]
[Site "Arco"]
[Date "2015.10.10"]
[Round "1"]
[White "Cecchetto, Michele"]
[Black "Barlocco, Carlo"]
[Result "0-1"]
[WhiteElo "1707"]
[BlackElo "2041"]
[PlyCount "70"]
[EventDate "2015.10.10"]
[EventType "swiss"]
[EventRounds "9"]
[EventCountry "ITA"]
[SourceTitle "CBM 168 Extra"]
[Source "ChessBase"]
[SourceDate "2015.10.29"]
[SourceVersion "1"]
[SourceVersionDate "2015.10.29"]
[SourceQuality "1"]

1. d4 Nf6 2. c4 Nc6 3. Nf3 e6 4. a3 d6 5. Nc3 g6 6. e4 Bg7 7. Be2 0-0 8. 0-0 Nd7 9. Be3 e5 10. d5 Ne7 11. Ne1 f5 12. f3 f4 13. Bf2 g5 14. b4 Nf6 15. c5 h5 16. cxd6 cxd6 17. Rc1 Ne8 18. Nd3 Rf7 19. Nb2 Bf8 20. Nc4 Rg7 21. Kh1 g4 22. fxg4 hxg4 23. Qe1 Ng6 24. Nd2 Qg5 25. Qd1 Rh7 26. Bg1 Nf6 27. Re1 Nh5 28. Nf1 g3 29. Nb5 gxh2 30. Bxh2 Ng3+ 31. Kg1 Qh4 32. Rc7 Rh6 33. Qc2 Nxf1 34. Rxc8 Ne3 35. Rxf8+ Rxf8 0-1

[Event "Robecchetto op-A 26th"]
[Site "Robecchetto"]
[Date "2015.07.25"]
[Round "2"]
[White "Barlocco, Carlo"]
[Black "Cereda, Loris"]
[Result "1/2-1/2"]
[WhiteElo "2062"]
[BlackElo "2225"]
[PlyCount "116"]
[EventDate "2015.07.24"]
[EventType "swiss"]
[EventRounds "5"]
[EventCountry "ITA"]
[SourceTitle "EXT 2016"]
[Source "ChessBase"]
[SourceDate "2015.10.08"]
[SourceVersion "1"]
[SourceVersionDate "2015.10.08"]
[SourceQuality "1"]

1. Nc3 e5 2. Nf3 Nc6 3. d4 exd4 4. Nxd4 Nf6 5. Bg5 Be7 6. Nf5 d5 7. Nxe7 Nxe7 8. Bxf6 gxf6 9. Qd4 Qd6 10. 0-0-0 c5 11. Qd2 Bd7 12. Nxd5 Qxd5 13. Qxd5 Nxd5 14. Rxd5 b6 15. e4 Ke7 16. f3 h5 17. g3 Be6 18. Rd2 Rad8 19. b3 Rxd2 20. Kxd2 Rd8+ 21. Ke3 f5 22. Bd3 fxe4 23. Bxe4 c4 24. f4 Kf6 25. Re1 c3 26. Bd3 Bg4 27. Kf2 Rd5 28. Re3 Be6 29. Ke1 Bg4 30. Be2 Bxe2 31. Rxe2 b5 32. b4 h4 33. Re3 Rd2 34. Rxc3 Rxh2 35. gxh4 Rxh4 36. Rc5 a6 37. Rc6+ Kf5 38. Rxa6 Kxf4 39. Kd2 Ke4 40. Rb6 Rh2+ 41. Kc3 Rh3+ 42. Kb2 f5 43. Rxb5 f4 44. Rb8 f3 45. Re8+ Kd4 46. Rf8 Ke3 47. Re8+ Kd2 48. c4 f2 49. Rf8 Ke3 50. Rxf2 Kxf2 51. b5 Ke3 52. Kc3 Ke4+ 53. Kb4 Kd4 54. b6 Rh1 55. Kb5 Rb1+ 56. Kc6 Kxc4 57. b7 Rxb7 58. Kxb7 Kb4 1/2-1/2

[Event "Robecchetto op-A 25th"]
[Site "Robecchetto"]
[Date "2014.12.29"]
[Round "6"]
[White "Barlocco, Carlo"]
[Black "Tagliaferri, Valerio"]
[Result "1-0"]
[WhiteElo "2028"]
[BlackElo "1850"]
[PlyCount "51"]
[EventDate "2014.12.26"]
[EventType "swiss"]
[EventRounds "6"]
[EventCountry "ITA"]
[SourceTitle "EXT 2017"]
[Source "ChessBase"]
[SourceDate "2016.10.25"]
[SourceVersion "1"]
[SourceVersionDate "2016.10.25"]
[SourceQuality "1"]

1. d4 Nf6 2. Nf3 e6 3. Bg5 h6 4. Bxf6 Qxf6 5. e4 b6 6. Bd3 Bb7 7. 0-0 d6 8. Nbd2 Nd7 9. c3 Qd8 10. a4 a5 11. Re1 e5 12. Nc4 Qf6 13. Qb3 Ba6 14. Rad1 Bxc4 15. Qxc4 c5 16. Qd5 Ra7 17. Bb5 Qe6 18. dxe5 Qxd5 19. Rxd5 Kd8 20. exd6 g6 21. e5 Bg7 22. e6 fxe6 23. Rxe6 Nf6 24. Rd3 Rf8 25. Re7 Bh8 26. Rxa7 1-0

[Event "Robecchetto op-A 25th"]
[Site "Robecchetto"]
[Date "2014.12.27"]
[Round "3"]
[White "Barlocco, Carlo"]
[Black "Linder, Oliver"]
[Result "0-1"]
[WhiteElo "2028"]
[BlackElo "1985"]
[PlyCount "188"]
[EventDate "2014.12.26"]
[EventType "swiss"]
[EventRounds "6"]
[EventCountry "ITA"]
[SourceTitle "EXT 2017"]
[Source "ChessBase"]
[SourceDate "2016.10.25"]
[SourceVersion "1"]
[SourceVersionDate "2016.10.25"]
[SourceQuality "1"]

1. e4 e6 2. Nf3 d5 3. Nc3 Be7 4. d4 Nf6 5. Bd3 c5 6. e5 Nfd7 7. dxc5 Nc6 8. Qe2 Nxc5 9. 0-0 Nxd3 10. cxd3 b6 11. Bf4 Ba6 12. a3 Rc8 13. Rac1 0-0 14. b4 Bb7 15. Rc2 Qd7 16. Rfc1 f6 17. Qd2 f5 18. Bg5 Bxg5 19. Qxg5 h6 20. Qd2 d4 21. Ne2 Qd5 22. Nf4 Qd7 23. Ng6 Rfd8 24. h4 Ne7 25. Nxe7+ Qxe7 26. Rxc8 Bxc8 27. Qf4 Bb7 28. Rc4 Ba6 29. Rxd4 Bxd3 30. Rd6 Be4 31. Qd2 Bd5 32. Rxd8+ Qxd8 33. Nd4 Qa8 34. f3 Qb7 35. Kf2 Kh7 36. Ne2 Qc7 37. Qc3 Qe7 38. g3 g5 39. hxg5 hxg5 40. Nd4 Qb7 41. Nb5 Kg6 42. Nd6 Qh7 43. Qc8 Qh2+ 44. Ke3 Qg1+ 45. Kd3 Qd1+ 46. Kc3 Qxf3+ 47. Kb2 Qb3+ 48. Kc1 Qxa3+ 49. Kd1 Qd3+ 50. Kc1 Qe3+ 51. Kb1 Qe1+ 52. Kc2 Qe2+ 53. Kc1 Qf1+ 54. Kb2 Qf2+ 55. Kc1 Qe3+ 56. Kb1 Be4+ 57. Kb2 Qd2+ 58. Ka3 Qd3+ 59. Kb2 Qb1+ 60. Ka3 Qa1+ 61. Kb3 Bd5+ 62. Kc2 Qa2+ 63. Kc1 Qa3+ 64. Kd1 Qb3+ 65. Ke2 Qb2+ 66. Kf1 Qg2+ 67. Ke1 Qxg3+ 68. Kd2 Qf4+ 69. Kc2 Qf2+ 70. Kc1 Qe1+ 71. Kc2 Be4+ 72. Kb3 Qb1+ 73. Ka3 Qa1+ 74. Kb3 Qd1+ 75. Kb2 Qd2+ 76. Ka3 Qd3+ 77. Kb2 Qd4+ 78. Ka3 Qd3+ 79. Kb2 Qb1+ 80. Ka3 Qa1+ 81. Kb3 Bd5+ 82. Kc2 Qa4+ 83. Kc1 Qa1+ 84. Kc2 Kh5 85. Qh8+ Kg4 86. Ne8 Qa2+ 87. Kd1 Qb1+ 88. Ke2 Bf3+ 89. Kd2 Qxb4+ 90. Kd3 Qa3+ 91. Kd2 Qb2+ 92. Kd3 Be2+ 93. Ke3 f4+ 94. Kf2 Bf3+ 0-1

[Event "Robecchetto op-A 25th"]
[Site "Robecchetto"]
[Date "2014.12.26"]
[Round "1"]
[White "Barlocco, Carlo"]
[Black "Damia, Angelo"]
[Result "0-1"]
[WhiteElo "2028"]
[BlackElo "2177"]
[PlyCount "58"]
[EventDate "2014.12.26"]
[EventType "swiss"]
[EventRounds "6"]
[EventCountry "ITA"]
[SourceTitle "EXT 2017"]
[Source "ChessBase"]
[SourceDate "2016.10.25"]
[SourceVersion "1"]
[SourceVersionDate "2016.10.25"]
[SourceQuality "1"]

1. e4 Nf6 2. e5 Nd5 3. d4 d6 4. c4 Nb6 5. exd6 cxd6 6. Nc3 g6 7. Be3 Bg7 8. Rc1 0-0 9. b3 Nc6 10. d5 Ne5 11. Be2 h5 12. h3 e6 13. f4 Qh4+ 14. Bf2 Qxf4 15. Nf3 exd5 16. cxd5 Nxf3+ 17. Bxf3 Re8+ 18. Be2 Bh6 19. 0-0 Qxc1 20. Qxc1 Bxc1 21. Rxc1 Bf5 22. Re1 Rac8 23. Nb5 Rc2 24. Nxa7 Rcxe2 25. Rxe2 Rxe2 26. Bxb6 Bd7 27. a4 Rb2 28. Bc7 Rxb3 29. Bxd6 Rd3 0-1

[Event "Biella op"]
[Site "Biella"]
[Date "2014.09.28"]
[Round "5"]
[White "Barlocco, Carlo"]
[Black "Bisi, Riccardo"]
[Result "1-0"]
[WhiteElo "2087"]
[BlackElo "1923"]
[PlyCount "71"]
[EventDate "2014.09.26"]
[EventType "swiss"]
[EventRounds "5"]
[EventCountry "ITA"]
[SourceTitle "EXT 2016"]
[Source "ChessBase"]
[SourceDate "2015.10.08"]
[SourceVersion "1"]
[SourceVersionDate "2015.10.08"]
[SourceQuality "1"]

1. e4 e5 2. Nc3 Bc5 3. Nf3 d6 4. d4 exd4 5. Nxd4 Nf6 6. Bg5 0-0 7. Qd3 h6 8. Bh4 Bxd4 9. Qxd4 Nc6 10. Qa4 Be6 11. Bc4 Bxc4 12. Qxc4 Ne5 13. Qb3 Ng6 14. Bxf6 Qxf6 15. 0-0 Rab8 16. Rad1 Nf4 17. g3 Nh3+ 18. Kg2 Ng5 19. f4 Ne6 20. Nd5 Qd8 21. Rfe1 Nc5 22. Qc4 c6 23. Ne3 Ne6 24. Nf5 Qb6 25. Qc3 Qc5 26. Rxd6 Qxc3 27. bxc3 Rfd8 28. Red1 Rxd6 29. Rxd6 Nc5 30. Kf3 Re8 31. e5 Na4 32. Rd7 Nc5 33. Rc7 Kf8 34. Nd6 Rb8 35. Rxf7+ Kg8 36. Rc7 1-0

[Event "Biella op"]
[Site "Biella"]
[Date "2014.09.27"]
[Round "2"]
[White "Prevedello, Daniele"]
[Black "Barlocco, Carlo"]
[Result "1-0"]
[WhiteElo "2006"]
[BlackElo "2087"]
[PlyCount "29"]
[EventDate "2014.09.26"]
[EventType "swiss"]
[EventRounds "5"]
[EventCountry "ITA"]
[SourceTitle "EXT 2016"]
[Source "ChessBase"]
[SourceDate "2015.10.08"]
[SourceVersion "1"]
[SourceVersionDate "2015.10.08"]
[SourceQuality "1"]

1. d4 Nc6 2. d5 Ne5 3. e4 e6 4. Nf3 Nxf3+ 5. Qxf3 exd5 6. exd5 Nf6 7. Bd3 Qe7+ 8. Kd1 Qc5 9. Nc3 Be7 10. Be3 Qa5 11. Re1 d6 12. h3 Bd7 13. Bh6 Kf8 14. Rxe7 c6 15. Qxf6 1-0

[Event "ITA-ch Seniors 36th"]
[Site "Fano"]
[Date "2014.04.17"]
[Round "4"]
[White "Barlocco, Carlo"]
[Black "Bruno, Fabio"]
[Result "0-1"]
[WhiteElo "2089"]
[BlackElo "2413"]
[PlyCount "62"]
[EventDate "2014.04.14"]
[EventType "swiss"]
[EventRounds "9"]
[EventCountry "ITA"]
[SourceTitle "EXT 2015"]
[Source "ChessBase"]
[SourceDate "2014.11.20"]
[SourceVersion "1"]
[SourceVersionDate "2014.11.20"]
[SourceQuality "1"]

1. e4 c5 2. Nf3 e6 3. b3 b6 4. Bb2 Bb7 5. e5 Nc6 6. Bb5 Nge7 7. 0-0 Ng6 8. Na3 a6 9. Bxc6 Bxc6 10. Re1 Qc7 11. Nc4 b5 12. Ne3 Qb7 13. d4 Bxf3 14. gxf3 cxd4 15. Ng2 Bc5 16. Re4 Rc8 17. Rc1 Qd5 18. Bxd4 Bxd4 19. Rxd4 Qxe5 20. Rxd7 0-0 21. c4 Qg5 22. Kf1 Qh5 23. Rd4 Qxh2 24. Rg4 Rfd8 25. Qc2 bxc4 26. bxc4 Rc5 27. Qc3 h5 28. Rg3 Qh1+ 29. Ke2 Re5+ 30. Qxe5 Qxc1 31. Qg5 Qd1+ 0-1

[Event "Arco op 35th"]
[Site "Arco"]
[Date "2013.10.15"]
[Round "4"]
[White "Drasko, Milan"]
[Black "Barlocco, Carlo"]
[Result "1-0"]
[WhiteElo "2451"]
[BlackElo "2148"]
[PlyCount "77"]
[EventDate "2013.10.12"]
[EventType "swiss"]
[EventRounds "9"]
[EventCountry "ITA"]
[SourceTitle "EXT 2014"]
[Source "ChessBase"]
[SourceDate "2013.11.20"]
[SourceVersion "1"]
[SourceVersionDate "2013.11.20"]
[SourceQuality "1"]

1. Nf3 Nf6 2. g3 Nc6 3. d4 e6 4. Bg2 d5 5. 0-0 Be7 6. c4 0-0 7. Qc2 Nb4 8. Qb3 dxc4 9. Qxc4 b5 10. Qb3 Bb7 11. a3 Nc6 12. Qxb5 Rb8 13. Qa4 Qd5 14. Nc3 Qh5 15. e4 Rfd8 16. Bf4 Rdc8 17. Rac1 Nd7 18. Rfd1 Nb6 19. Qb5 g5 20. Be3 Ba8 21. Qe2 f6 22. d5 Nd8 23. Nb5 Rb7 24. Nxa7 Rcb8 25. Nc6 Nxc6 26. dxc6 Ra7 27. Qc2 Ra6 28. Nd4 Nc8 29. Qc4 Rab6 30. Qxe6+ Qf7 31. Qxf7+ Kxf7 32. b4 Ra6 33. Rc3 Bd6 34. Bf1 Rab6 35. b5 Be5 36. Bc4+ Kg6 37. a4 Nd6 38. f4 Nxe4 39. Bd3 1-0

[Event "Biella op-A 4th"]
[Site "Biella"]
[Date "2013.09.29"]
[Round "5"]
[White "Marinone, Lucio"]
[Black "Barlocco, Carlo"]
[Result "1-0"]
[WhiteElo "1970"]
[BlackElo "2093"]
[PlyCount "77"]
[EventDate "2013.09.27"]
[EventType "swiss"]
[EventRounds "5"]
[EventCountry "ITA"]
[SourceTitle "CBM 156 Extra"]
[Source "ChessBase"]
[SourceDate "2013.10.22"]
[SourceVersion "1"]
[SourceVersionDate "2013.10.22"]
[SourceQuality "1"]

1. c4 e5 2. g3 Nf6 3. Bg2 Nc6 4. Nc3 Bb4 5. Nd5 Be7 6. e3 Nxd5 7. cxd5 Nb8 8. Ne2 c5 9. 0-0 d6 10. d4 Nd7 11. b3 0-0 12. Bb2 Bf6 13. Qd2 b6 14. dxe5 Bxe5 15. Bxe5 Nxe5 16. Nc3 Bd7 17. f4 Ng6 18. e4 Re8 19. Rae1 f6 20. Rf2 b5 21. Rfe2 b4 22. Nd1 a5 23. Nb2 a4 24. Nc4 Bb5 25. Qc2 axb3 26. axb3 Bxc4 27. Qxc4 Qb6 28. Bf1 Ra3 29. Re3 Rea8 30. Bd3 Nh8 31. e5 fxe5 32. fxe5 Nf7 33. e6 Ne5 34. e7 Re8 35. Rxe5 Ra7 36. Re6 Rb7 37. Kh1 Qa7 38. Qh4 h6 39. Bg6 1-0